Trả lời bạn gái Khoa học thường thức vệ sinh phụ nữ

সংরক্ষণ করুন:
গ্রন্থ-পঞ্জীর বিবরন
প্রধান লেখক: Ngọc Toản
বিন্যাস: গ্রন্থ
ভাষা:Vietnamese
প্রকাশিত: H. Nxb. Phụ nữ 1985
সংস্করন:In lần thứ 2
বিষয়গুলি:
ট্যাগগুলো: ট্যাগ যুক্ত করুন
কোনো ট্যাগ নেই, প্রথমজন হিসাবে ট্যাগ করুন!
Thư viện lưu trữ: Mạng thư viện Đại học Đà Nẵng
LEADER 01086nam a2200337 4500
001 000010095
003 6295
005 20111111081110.0
008 111111s1985 viesd
020 |c 3500đ 
041 0 |a vie 
082 |a 618.01  |b NG-T 
100 0 |a Ngọc Toản 
245 0 |a Trả lời bạn gái  |b Khoa học thường thức vệ sinh phụ nữ  |c Ngọc Toản 
250 |a In lần thứ 2 
260 |a H.  |b Nxb. Phụ nữ  |c 1985 
300 |a 106 tr  |c 19 cm 
653 |a Trả lời 
653 |a Bạn gái 
653 |a vệ sinh phụ nữ 
910 |a Nguyễn Thị Kim Oanh  |d 11/11/2011 
OWN |a LSP 
AVA |a UDN50  |b LSP  |d 618.01 NG-T  |e unavailable  |t Error 5002 Not defined in file expand_doc_bib_avail.  |f 2  |g 2  |h N  |i 0  |k 1 
999 |a From the UDN01 
AVA |a UDN50  |b LSP  |d 618.01 NG-T  |e unavailable  |t Error 5002 Not defined in file expand_doc_bib_avail.  |f 2  |g 2  |h N  |i 0  |k 1 
TYP |a Monograph 
TYP |a Printed language 
980 |a Mạng thư viện Đại học Đà Nẵng